Piosenki powyżej miliarda wyświetleń - Statystyki

Ogólne statystyki
  • Ten quiz został rozwiązany 61 razy
  • Średni wynik to 36 z 192
Statystyki odpowiedzi
Autor / Autorzy Tytuł Wyświetlenia % Poprawnych
Luis Fonsi ft. Daddy Yankee Despacito 7.3 mld
91%
Justin Bieber ft. Ludacris Baby 2.4 mld
82%
Shakira Waka Waka (This Time for Africa) 2.8 mld
71%
Pinkfong Kids’ Songs & Stories Baby Shark Dance 8.5 mld
67%
Katy Perry Roar 3.3 mld
67%
Ed Sheeran Perfect 2.8 mld
65%
Ed Sheeran Shape of You 5.3 mld
65%
Wiz Khalifa ft. Charlie Puth See You Again 5.1 mld
62%
Adele Hello 2.8 mld
55%
Psy Gangam Style 4.0 mld
53%
Alan Walker Faded 3.0 mld
49%
TONES AND I DANCE MONKEY 1.5 mld
47%
Katy Perry ft. Juicy J Dark Horse 3.0 mld
45%
Justin Bieber Sorry 3.4 mld
45%
Sia Chandelier 2.3 mld
44%
Passenger Let Her Go 2.9 mld
44%
Taylor Swift Shake It Off 3.0 mld
44%
Mark Ronson ft. Bruno Mars Uptown Funk 4.1 mld
44%
Ellie Goulding Love Me Like You Do 2.1 mld
42%
Maroon 5 ft. Cardi B Girls Like You 3.0 mld
40%
Camila Cabello ft. Young Thug Havana 1.7 mld
40%
Adele Rolling in the Deep 1.8 mld
40%
Maroon 5 Sugar 3.4 mld
40%
Ellie Goulding Burn 1.4 mld
38%
OneRepublic Counting Stars 3.2 mld
38%
Dua Lipa New Rules 2.4 mld
38%
Enrique Iglesias ft. Descemer Bueno, Gente De Zona Bailando 3.0 mld
36%
The Chainsmokers ft. Halsey Closer 2.6 mld
36%
Rihanna Diamonds 1.7 mld
36%
Ed Sheeran Thinking Out Loud 3.2 mld
36%
Imagine Dragons Thunder 1.6 mld
36%
Rihanna ft. Drake Work 1.1 mld
36%
Rag'n'Bone Man Human 1.2 mld
35%
Taylor Swift Blank Space 2.7 mld
33%
Carly Rae Jepsen Call Me Maybe 1.3 mld
33%
Major Lazer, DJ Snake ft. MØ Lean On 3.0 mld
33%
Martin Garrix Animals 1.4 mld
31%
MAGIC! Rude 2.0 mld
31%
Miley Cyrus Wrecking Ball 1.1 mld
31%
Billie Eilish bad guy 1.0 mld
29%
Lady Gaga Bad Romance 1.3 mld
29%
Jennifer Lopez ft. Pitbull On The Floor 1.7 mld
29%
Clean Bandit ft. Sean Paul, Anne-Marie Rockabye 2.5 mld
29%
Ariana Grande ft. Nicki Minaj Side To Side 1.9 mld
29%
The Weeknd ft, Daft Punk Starboy 1.8 mld
29%
Twenty One Pilots Stressed Out 2.3 mld
29%
Avicii Wake Me Up 2.0 mld
29%
Charlie Puth ft. Selena Gomez We Don't Talk Anymore 2.6 mld
29%
Marshmello Alone 2.0 mld
27%
Alan Walker Alone 1.1 mld
27%
Imagine Dragons Radioactive 1.2 mld
27%
Axel F Crazy Frog 2.7 mld
25%
J Balvin, Willy William Mi Gente 2.9 mld
25%
Linkin Park Numb 1.6 mld
25%
Gotye ft. Kimbra Somebody That I Used To Know 1.6 mld
25%
The Chainsmokers, Coldplay Something Just Like This 1.9 mld
25%
Calvin Harris ft. Rihanna This Is What You Came For 2.4 mld
25%
Shawn Mendes Treat You Better 2.0 mld
25%
Meghan Trainor All About That Bass 2.4 mld
24%
Queen Bohemian Rhapsody (Remastered) 1.3 mld
24%
Justin Bieber Love Yourself 1.6 mld
24%
David Guetta ft. Sia Titanium 1.4 mld
24%
Fifth Harmony ft. Ty Dolla $ign Work from Home 2.4 mld
24%
John Legend All Of Me 1.9 mld
22%
Katy Perry Firework 1.3 mld
22%
LMFAO ft. Lauren Bennett, GoonRock Party Rock Anthem 2.0 mld
22%
Calvin Harris Summer 1.4 mld
22%
Clean Bandit ft. Zara Larsson Symphony 1.0 mld
22%
DJ Snake ft. Cardi B, Selena Gomez, Ozuna Taki Taki 2.1 mld
22%
Pitbull ft. Ke$ha Timber 1.2 mld
22%
Jessie J, Ariana Grande, Nicki Minaj Bang Bang 1.6 mld
20%
Twenty One Pilots Heathens 1.6 mld
20%
Drake Hotline Bling 1.7 mld
20%
Eminem ft. Rihanna Love The Way You Lie 2.2 mld
20%
Ariana Grande ft. Iggy Azalea Problem 1.2 mld
20%
Adele Someone Like You 1.7 mld
20%
a-ha Take On Me 1.2 mld
20%
Macklemore, Ryan Lewis ft. Wanz Thrift Shop 1.5 mld
20%
Charlie Puth Attention 1.2 mld
18%
ZAYN ft. Sia Dusk Till Dawn 1.6 mld
18%
Coldplay Paradise 1.4 mld
18%
Ed Sheeran Photograph 1.1 mld
18%
Bruno Mars The Lazy Song 2.1 mld
18%
One Direction What Makes You Beautiful 1.2 mld
18%
Fifth Harmony ft. Kid Ink Worth It 1.9 mld
18%
Christina Perri A Thousand Years 1.8 mld
16%
PSY Gentleman 1.4 mld
16%
Drake God's Plan 1.3 mld
16%
Coldplay Hymn For The Weekend 1.4 mld
16%
Eminem Lose Yourself 1.0 mld
16%
Eminem Not Afraid 1.5 mld
16%
Nirvana Smells Like Teen Spirit 1.2 mld
16%
Jason Derulo ft. Nicki Minaj, Ty Dolla $ign Swalla 1.6 mld
16%
Taylor Swift ft, Kendrick Lamar Bad Blood 1.4 mld
15%
Imagine Dragons Beliver 1.9 mld
15%
Ariana Grande ft. Zedd Break Free 1.0 mld
15%
Shakira ft. Rihanna Can't Remember to Forget You 1.1 mld
15%
Sia ft. Sean Paul Cheap Thrills 1.6 mld
15%
The Chainsmokers ft. Daya Don't Let Me Down 1.6 mld
15%
Luis Fonsi, Demi Lovato Échame la Culpa 2.1 mld
15%
David Guetta ft. Nicki Minaj, Bebe Rexha, Afrojack Hey Mama 1.4 mld
15%
Naughty Boy ft. Sam Smith La la la 1.0 mld
15%
Shakira La La La (Brazil 2014) 1.1 mld
15%
Guns N'Roses November Rain 1.6 mld
15%
Sam Smith Stay With Me 1.0 mld
15%
The Weeknd The Hills 1.6 mld
15%
Bruno Mars 24k Magic 1.3 mld
13%
Shakira ft. Maluma Chantaje 2.6 mld
13%
Daddy Yankee, Snow Con Calma 2.2 mld
13%
Bruno Mars Grenade 1.0 mld
13%
Lil Pump Gucci Gang 1.0 mld
13%
Calvin Harris, Disciples How Deep Is Your Love 1.4 mld
13%
DJ Khaled ft. Justin Bieber, Quavo, Chance the Rapper, Lil Wayne I'm The One 1.5 mld
13%
Katy Perry Last Friday Night (T.G.I.F.) 1.3 mld
13%
Eminem Rap God 1.2 mld
13%
Post Malone, Swan Lee Sunflower 1.4 mld
13%
Justin Bieber What Do You Mean? 2.1 mld
13%
Pedro Capó, Farruko Calma 2.2 mld
11%
Justin Timberlake CAN'T STOP THE FEELING! 1.3 mld
11%
OMI Cheerleader 1.0 mld
11%
Bruno Mars Just The Way You Are 1.6 mld
11%
Idina Menzel Let It Go 2.4 mld
11%
Nicky Jam, J Balvin X (EQUIS) 1.9 mld
11%
P!nk ft. Nate Ruess Just Give Me A Reason 1.2 mld
9%
Taylor Swift Look What You Made Me Do 1.2 mld
9%
ZAYN PILLOWTALK 1.0 mld
9%
Pitbull ft. Marc Anthony Rain Over Me 1.0 mld
9%
Shawn Mendes Stiches 1.3 mld
9%
Enrique Iglesias ft. Descemer Bueno, Zion, Lennox SUBEME LA RADIO 1.3 mld
9%
Katy Perry ft. Migos Bon Appetit 1.1 mld
7%
Daddy Yankee Dura 1.7 mld
7%
Nicky Jam, Enrique Iglesias El Perdón 1.3 mld
7%
AronChupa I'm an Albatraoz 1.2 mld
7%
Becky G, Bad Bunny Mayores 1.9 mld
7%
Justin Bieber ft. Jaden Smith Never Say Never 1.0 mld
7%
Bruno Mars That's What I Like 1.8 mld
7%
Coldplay Adventure Of A Lifetime 1.1 mld
5%
The Weeknd Can't Feel My Face 1.1 mld
5%
Post Malone ft. Quavo Congratulations 1.3 mld
5%
El Chombo ft. Cutty Ranks Dame Tu Cosita 3.3 mld
5%
BLACKPINK 뚜두뚜두 (DDU-DU DDU-DU) 1.5 mld
5%
Sia ft. Shia LaBeouf, Maddie Ziegler Elastic Heart 1.1 mld
5%
Sam Smith I'm Not The Only One 1.3 mld
5%
Mike Posner I Took A Pill In Ibiza (Seeb Remix) (Explicit) 1.3 mld
5%
Silentó Watch Me (Whip/Nae Nae) 1.8 mld
5%
J. Balvin Ay Vamos 1.7 mld
4%
Cardi B, Bad Bunny, J Balvin I Like It 1.3 mld
4%
Carlos Vives, Shakira La Bicicleta 1.4 mld
4%
Daddy Yankee Shaky Shaky 1.5 mld
4%
Becky G, Natti Natasha Sin Pijama 1.9 mld
4%
Guns N'Roses Sweet Child O'Mine 1.2 mld
4%
MC Fioti Bum Bum Tam Tam (KondZilla) 1.6 mld
2%
Maluma ft. Nego do Borel Corazón 1.5 mld
2%
Natti Natasha, Ozuna Criminal 2.2 mld
2%
Maluma Felices los 4 1.7 mld
2%
Ricky Martin ft, Yotuel La Mordidita 1.2 mld
2%
David Guetta ft. Ne-Yo, Akon Play Hard 1.0 mld
2%
CNCO Reggaetón Lento (Bailemos) 1.6 mld
2%
James Arthur Say You Won't Let Go 1.2 mld
2%
Ricky Martin ft. Maluma Vente Pa’ Ca 1.7 mld
2%
J Balvin, Farruko 6 AM 1.0 mld
0%
Chris Jeday ft. J. Balvin, Ozuna, Arcangel Ahora Dice 1.2 mld
0%
Chino, Nacho ft. Daddy Yankee Andas En Mi Cabeza 1.5 mld
0%
6ix9ine ft. Anuel AA BEBE 1.2 mld
0%
Anuel AA, Daddy Yankee, Karol G, Ozuna, J. Balvin China 1.7 mld
0%
ROSALÍA, J Balvin ft. El Guincho Con Altura 1.8 mld
0%
Prince Royce Darte Un Beso 1.2 mld
0%
Piso 21 ft. Manuel Turizo Déjala Que Vuelva 1.6 mld
0%
Nicky Jam (Álbum Fénix) El Amante 1.3 mld
0%
Ozuna, Romeo Santos El Farsante (Remix) 1.5 mld
0%
Maluma El Perdedor 1.2 mld
0%
Enrique Iglesias ft. Marco Antonio Solis El Perdedor 1.0 mld
0%
PULCINO PIO El Pollitio Pio 1.4 mld
0%
Wisin ft, Ozuna Escápate Conmigo 1.3 mld
0%
Nicky Jam Hasta al Amanecer 1.4 mld
0%
Gente de Zona La Gozadera 1.3 mld
0%
Ammy Virk, Neeru Bajwa, Amberdeep Laung Laachi 1.2 mld
0%
Danny Ocean Me Rehúso 1.4 mld
0%
Thalia, Natti Natasha No Me Acuerdo 1.2 mld
0%
MC Kevinho Olha a Explosão (KondZilla) 1.1 mld
0%
Joey Montana Picky 1.2 mld
0%
Romeo Santos Propuesta Indecente 1.7 mld
0%
Carlos Vives, Sebastian Yatra Roberte un Beso 1.4 mld
0%
Ozuna Se Preparó 1.4 mld
0%
Nio Garcia, Darell, Casper Magico ft. Bad Bunny, Nicky Jam, Ozuna Te Bote (Remix) 2.2 mld
0%
icanrockyourworld The Gummy Bear Song 2.4 mld
0%
Sam Smith Too Good At Goodbyes 1.2 mld
0%
KAROL G, Nicki Minaj TUSA 1.1 mld
0%
Manuel Turizo Una Lady Como Tú 1.4 mld
0%
French Montana ft. Swan Lee Unoforgettable 1.2 mld
0%
Skrillex, Diplo ft. Justin Bieber Where Are Ü Now 1.1 mld
0%
Taylor Swift You Belong With Me 1.1 mld
0%
Nie znaleziono quizów pasujących do podanych kryteriów
Rozkład punktacji
Procent ludzi z każdym wynikiem
Percentyl według liczby udzielonych odpowiedzi
Twoja historia wyników
Nie rozwiązałeś tego quizu